Economía y matemáticas : (Record no. 118876)

MARC details
000 -LEADER
campo de control de longitud fija 00831nam a2200241 i 4500
001 - NÚMERO DE CONTROL
campo de control 118876
003 - IDENTIFICADOR DE NÚMERO DE CONTROL
campo de control ES-MaACL
005 - FECHA Y HORA DE LA ÚLTIMA TRANSACCIÓN
campo de control 20250903022026.0
007 - CAMPO FIJO DE DESCRIPCIÓN FÍSICA--INFORMACIÓN GENERAL
campo de control de longitud fija t|
008 - DATOS DE LONGITUD FIJA--INFORMACIÓN GENERAL
campo de control de longitud fija 070214s1967 sp 00110 spa d
080 ## - NÚMERO DE LA CLASIFICACIÓN DECIMAL UNIVERSAL
Número de la Clasificación Decimal Universal 519.86
100 1# - ENTRADA PRINCIPAL--NOMBRE DE PERSONA
Nombre de persona Piatier, André.
9 (RLIN) 91750
245 10 - MENCIÓN DEL TÍTULO
Título Economía y matemáticas :
Resto del título elementos y ejercicios.
Número de parte o sección de la obra 1,
Nombre de parte o sección de la obra Los números, algebra, análisis /
Mención de responsabilidad, etc. por André Piatier, Pierre Cahuzac y Lucien Chambadal ; traducción por Nuria Bozzo Durán.
260 ## - PUBLICACIÓN, DISTRIBUCIÓN, ETC.
Lugar de publicación, distribución, etc. Barcelona :
Nombre del editor, distribuidor, etc. Ariel,
Fecha de publicación, distribución, etc. 1967.
300 ## - DESCRIPCIÓN FÍSICA
Extensión 1 v. (442 p. :
Otras características físicas il.) ;
Dimensiones 24 cm.
650 #7 - PUNTO DE ACCESO ADICIONAL DE MATERIA--TÉRMINO DE MATERIA
Término de materia o nombre geográfico como elemento de entrada Economía matemática
Fuente del encabezamiento o término embne
9 (RLIN) 12034
700 1# - ENTRADA AGREGADA--NOMBRE PERSONAL
Nombre de persona Cahuzac, Pierre.
9 (RLIN) 33453
700 1# - ENTRADA AGREGADA--NOMBRE PERSONAL
Nombre de persona Chambadal, Lucien.
9 (RLIN) 37843
700 1# - ENTRADA AGREGADA--NOMBRE PERSONAL
Nombre de persona Bozzo Durán, Nuria.
9 (RLIN) 31222
852 4# - LOCALIZACIÓN
Ubicación ES-MaACL
Número de control de estantería E-6025
852 4# - LOCALIZACIÓN
Ubicación ES-MaACL
Número de control de estantería G-5315
Holdings
Estatus retirado Estado de pérdida Estado de daño No para préstamo Biblioteca de origen Biblioteca actual Ubicación en estantería Fecha de adquisición Fuente de adquisición Total de préstamos Signatura topográfica completa Código de barras Visto por última vez Precio de reemplazo Tipo de ítem Koha
        Biblioteca del Ateneo de Madrid Biblioteca del Ateneo de Madrid Depósito 2 28/12/2021     E-6025 1202772 23/02/2023 23/02/2023 Libro impreso
        Biblioteca del Ateneo de Madrid Biblioteca del Ateneo de Madrid Depósito 2 17/01/2008     G-5315 1123929 23/02/2023 23/02/2023 Libro impreso